000 00324nam a2200133Ia 4500
008 230312s9999||||xx |||||||||||||| ||und||
020 _a969-503-352-0
082 _a355.7095491
_bNAD-F
100 _aNadiem;Ihsan.H Nadiem, Ihsan H.
245 0 _aForts of Pakistan
260 _c2004
650 _aArchitecture
942 _cBK
999 _c14458
_d14458